[Event "POL-chT blind"]
[Site "Wagrowiec"]
[Date "2017.10.20"]
[Round "7.14"]
[White "Traczyk, Tadeusz"]
[Black "Hagner, Pawel"]
[Result "1-0"]
[WhiteElo "1820"]
[BlackElo "1711"]
[PlyCount "55"]
[EventDate "2017.10.14"]
[EventType "team-tourn"]
[EventRounds "9"]
[EventCountry "POL"]
[SourceTitle "EXT 2019"]
[Source "ChessBase"]
[SourceDate "2018.10.10"]
[SourceVersion "1"]
[SourceVersionDate "2018.10.10"]
[SourceQuality "1"]

1. e4 d6 2. d4 Nf6 3. Nc3 g6 4. f4 Bg7 5. Nf3 0-0 6. Be3 c5 7. h3 cxd4 8. Bxd4 Nc6 9. Be3 a6 10. Qd2 b5 11. Bd3 e5 12. 0-0-0 Bb7 13. g4 Qa5 14. Kb1 Rfd8 15. Qf2 Nd7 16. f5 Nb4 17. fxg6 fxg6 18. Ng5 Rf8 19. Qh4 h6 20. Ne6 g5 21. Qg3 Rf6 22. Nxg7 Kxg7 23. h4 gxh4 24. Qxh4 Rh8 25. g5 Re6 26. gxh6+ Kh7 27. Qg4 Re7 28. Qf5+ 1-0

[Event "POL-chT blind"]
[Site "Wagrowiec"]
[Date "2017.10.18"]
[Round "5.11"]
[White "Binkowski, Kazimierz"]
[Black "Hagner, Pawel"]
[Result "1/2-1/2"]
[WhiteElo "1573"]
[BlackElo "1711"]
[PlyCount "66"]
[EventDate "2017.10.14"]
[EventType "team-tourn"]
[EventRounds "9"]
[EventCountry "POL"]
[SourceTitle "EXT 2019"]
[Source "ChessBase"]
[SourceDate "2018.10.10"]
[SourceVersion "1"]
[SourceVersionDate "2018.10.10"]
[SourceQuality "1"]

1. c4 Nf6 2. Nc3 g6 3. e4 d6 4. h3 Bg7 5. d4 0-0 6. Nf3 Nc6 7. a3 e5 8. d5 Ne7 9. Nh2 h5 10. Bg5 Nh7 11. Qd2 Nxg5 12. Qxg5 f5 13. Qd2 Kh7 14. Qe2 Bh6 15. Kd1 Bd7 16. Kc2 c6 17. Rd1 fxe4 18. Kb1 Qb6 19. f3 exf3 20. Nxf3 Rac8 21. Ka1 Nf5 22. Qd3 Ne3 23. Re1 cxd5 24. Nxd5 Nxd5 25. Qxd5 Rc5 26. Qd3 Be6 27. Qc3 Rc7 28. Bd3 Bf5 29. Bxf5 Rxf5 30. b4 Rf4 31. Nd2 Rf2 32. Ne4 Rf4 33. Qd3 Qd4+ 1/2-1/2

[Event "Suwalki Warakomska Memorial-B 1st"]
[Site "Suwalki"]
[Date "2017.08.13"]
[Round "3"]
[White "Hagner, Pawel"]
[Black "Ostrowski, Robert"]
[Result "0-1"]
[WhiteElo "1709"]
[BlackElo "2050"]
[PlyCount "54"]
[EventDate "2017.08.11"]
[EventType "swiss"]
[EventRounds "9"]
[EventCountry "POL"]
[SourceTitle "CBM 180 Extra"]
[Source "ChessBase"]
[SourceDate "2017.10.06"]
[SourceVersion "1"]
[SourceVersionDate "2017.10.06"]
[SourceQuality "1"]

1. d4 Nf6 2. Nf3 g6 3. Bf4 d6 4. e3 Bg7 5. Nbd2 0-0 6. c3 c6 7. Be2 Nbd7 8. h3 Re8 9. 0-0 e5 10. dxe5 dxe5 11. Bh2 b5 12. a4 Qb6 13. axb5 cxb5 14. Qb3 Rb8 15. Ng5 Re7 16. Rfd1 Nc5 17. Qa3 Bf8 18. b4 Na4 19. Bxb5 Nxc3 20. Qxc3 Qxb5 21. Ra5 Qxb4 22. Qxb4 Rxb4 23. Bxe5 Ne8 24. Bd4 Rbb7 25. Ngf3 Bf5 26. g4 Be4 27. Nxe4 Rxe4 0-1

[Event "Suwalki Warakomska Memorial-B 1st"]
[Site "Suwalki"]
[Date "2017.08.13"]
[Round "4"]
[White "Ziemski, Przemyslaw"]
[Black "Hagner, Pawel"]
[Result "0-1"]
[WhiteElo "1902"]
[BlackElo "1709"]
[PlyCount "58"]
[EventDate "2017.08.11"]
[EventType "swiss"]
[EventRounds "9"]
[EventCountry "POL"]
[SourceTitle "CBM 180 Extra"]
[Source "ChessBase"]
[SourceDate "2017.10.06"]
[SourceVersion "1"]
[SourceVersionDate "2017.10.06"]
[SourceQuality "1"]

1. e4 d6 2. c4 Nf6 3. Nc3 g6 4. g3 Bg7 5. Bg2 0-0 6. Nge2 Nc6 7. 0-0 a6 8. d4 Rb8 9. Rb1 Bd7 10. a4 Na5 11. Qd3 c5 12. d5 Qc7 13. f4 b5 14. axb5 axb5 15. cxb5 c4 16. Qf3 Bxb5 17. Nd4 Bd7 18. Be3 Ng4 19. Rfd1 Nxe3 20. Qxe3 Qc5 21. Bf1 Rb3 22. Kf2 Rb7 23. Nc2 Qxe3+ 24. Nxe3 Rfb8 25. Rbc1 Rxb2+ 26. Ne2 c3 27. Kf3 Nb3 28. Rxc3 Bxc3 29. Nxc3 Nd2+ 0-1

[Event "Bydgoszcz blind op 43rd"]
[Site "Bydgoszcz"]
[Date "2014.03.22"]
[Round "10.11"]
[White "Hagner, Pawel"]
[Black "Niecko, Stanislaw"]
[Result "1/2-1/2"]
[WhiteElo "1773"]
[BlackElo "1805"]
[PlyCount "107"]
[EventDate "2014.03.13"]
[EventType "swiss"]
[EventRounds "11"]
[EventCountry "POL"]
[SourceTitle "EXT 2023"]
[Source "ChessBase"]
[SourceDate "2022.10.05"]
[SourceVersion "1"]
[SourceVersionDate "2022.10.05"]
[SourceQuality "1"]

1. d4 d5 2. Nf3 Bg4 3. Ne5 Bf5 4. Bf4 Nd7 5. e3 f6 6. Qh5+ g6 7. Nxg6 Bxg6 8. Qxd5 c6 9. Qb3 Qb6 10. Bc4 Qxb3 11. Bxb3 Bf7 12. Nd2 Bxb3 13. axb3 Nb6 14. c4 e6 15. Ne4 Bb4+ 16. Ke2 Nc8 17. Ra4 Be7 18. c5 Kd7 19. Rha1 Bd8 20. Nd6 Nxd6 21. Bxd6 a5 22. Bf4 Ne7 23. b4 Nd5 24. bxa5 Nxf4+ 25. exf4 f5 26. Ke3 Bf6 27. R1a3 Kc7 28. Rb3 Rhd8 29. Rd3 Rd5 30. b4 Rad8 31. a6 bxa6 32. Rxa6 Bxd4+ 33. Ke2 Rb8 34. Rh3 Rd7 35. Ra4 Kb7 36. Raa3 Kc8 37. Ra6 Kc7 38. Ra4 Kd8 39. Rg3 Ke7 40. Rh3 Kf6 41. Rh6+ Kg7 42. Rxe6 Rdb7 43. Rxc6 Rxb4 44. Rc7+ Kg8 45. Raa7 h5 46. Ra6 R4b7 47. Rg6+ Kf8 48. Rcc6 Rb2+ 49. Kd3 Bg7 50. Rc7 R8b4 51. Rgxg7 R2b3+ 52. Kc2 Rb2+ 53. Kc3 R2b3+ 54. Kc2 1/2-1/2

[Event "Bydgoszcz blind op 43rd"]
[Site "Bydgoszcz"]
[Date "2014.03.14"]
[Round "1.11"]
[White "Wojcieszyn, Zdzislaw"]
[Black "Hagner, Pawel"]
[Result "1-0"]
[WhiteElo "2001"]
[BlackElo "1773"]
[PlyCount "61"]
[EventDate "2014.03.13"]
[EventType "swiss"]
[EventRounds "11"]
[EventCountry "POL"]
[SourceTitle "EXT 2023"]
[Source "ChessBase"]
[SourceDate "2022.10.05"]
[SourceVersion "1"]
[SourceVersionDate "2022.10.05"]
[SourceQuality "1"]

1. Nf3 Nf6 2. c4 g6 3. Nc3 Bg7 4. g3 0-0 5. Bg2 d6 6. 0-0 c5 7. d4 Nc6 8. dxc5 dxc5 9. Na4 Nd7 10. Be3 Qa5 11. Bd2 Qd8 12. Bc3 a6 13. Bxg7 Kxg7 14. Qd5 Nb4 15. Qd2 Qc7 16. a3 Nc6 17. Rfd1 Nce5 18. Nxe5 Qxe5 19. f4 Qc7 20. Qc3+ Kg8 21. Rd5 e6 22. Rd2 Rb8 23. Rc1 b5 24. cxb5 Rxb5 25. b4 Bb7 26. Bxb7 Qxb7 27. Qd3 Nf6 28. Nxc5 Qa7 29. Qd4 Ng4 30. Nxe6 Qa8 31. Qg7# 1-0

[Event "POL-chT blind Gp A"]
[Site "Mielno"]
[Date "2013.12.12"]
[Round "9.1"]
[White "Hagner, Pawel"]
[Black "Mettel, Werner"]
[Result "1/2-1/2"]
[WhiteElo "1776"]
[BlackElo "1844"]
[PlyCount "60"]
[EventDate "2013.12.06"]
[EventType "team-tourn"]
[EventRounds "10"]
[EventCountry "POL"]
[SourceTitle "EXT 2019"]
[Source "ChessBase"]
[SourceDate "2018.10.10"]
[SourceVersion "1"]
[SourceVersionDate "2018.10.10"]
[SourceQuality "1"]

1. d4 d5 2. Nf3 Nf6 3. Bg5 Ne4 4. Bh4 Bf5 5. e3 c5 6. c3 Qb6 7. Qc1 e6 8. Nbd2 Nd7 9. Nxe4 Bxe4 10. Be2 Bd6 11. 0-0 0-0 12. Qd2 Rac8 13. dxc5 Bxc5 14. Nd4 a6 15. Bg3 Bd6 16. Bxd6 Qxd6 17. Rad1 Qb6 18. Nb3 Ne5 19. Qd4 Qc7 20. Qd2 Qe7 21. f4 Ng6 22. Bf3 Rfd8 23. Qf2 Bxf3 24. Qxf3 Nh4 25. Qh3 Nf5 26. Nd4 Nd6 27. Nf3 Nf5 28. Ne5 Nd6 29. Nf3 Nf5 30. Ne5 Nd6 1/2-1/2

[Event "POL-chT blind Gp A"]
[Site "Mielno"]
[Date "2013.12.10"]
[Round "6.4"]
[White "Hagner, Pawel"]
[Black "Pawelec, Bartosz"]
[Result "0-1"]
[WhiteElo "1776"]
[BlackElo "2027"]
[PlyCount "74"]
[EventDate "2013.12.06"]
[EventType "team-tourn"]
[EventRounds "10"]
[EventCountry "POL"]
[SourceTitle "EXT 2019"]
[Source "ChessBase"]
[SourceDate "2018.10.10"]
[SourceVersion "1"]
[SourceVersionDate "2018.10.10"]
[SourceQuality "1"]

1. d4 d5 2. Nf3 Nf6 3. Bg5 Ne4 4. Bh4 c5 5. e3 Qb6 6. Qc1 Nc6 7. c3 Bf5 8. Nbd2 Rc8 9. Nxe4 Bxe4 10. Qd2 e6 11. Be2 Bd6 12. 0-0 0-0 13. dxc5 Bxc5 14. Bg3 Rfd8 15. Nd4 Ne7 16. Nb3 Bd6 17. Bxd6 Qxd6 18. Rad1 e5 19. f4 Nf5 20. Bg4 Re8 21. Bxf5 Bxf5 22. Qxd5 Qb6 23. Qf3 exf4 24. Qxf4 Rxe3 25. Kh1 Bg6 26. Rd7 h6 27. Rxf7 Bxf7 28. Qxf7+ Kh8 29. Nd4 Rc7 30. Qf8+ Kh7 31. Qf5+ Qg6 32. Qf4 Rce7 33. Nf5 R7e4 34. Qf2 Re2 35. Qf3 Re1 36. Nh4 Rxf1+ 37. Qxf1 Rxh4 0-1

[Event "Ramsowo Grunwald Cup 28th"]
[Site "Ramsowo"]
[Date "2013.09.21"]
[Round "9"]
[White "Gunajew, Rafal"]
[Black "Hagner, Pawel"]
[Result "1-0"]
[WhiteElo "2295"]
[BlackElo "1772"]
[PlyCount "50"]
[EventDate "2013.09.16"]
[EventType "swiss"]
[EventRounds "9"]
[EventCountry "POL"]
[SourceTitle "CBM 156 Extra"]
[Source "ChessBase"]
[SourceDate "2013.10.22"]
[SourceVersion "1"]
[SourceVersionDate "2013.10.22"]
[SourceQuality "1"]

1. e4 d6 2. c3 g6 3. d4 Bg7 4. Bd3 Nf6 5. h3 0-0 6. Nf3 c5 7. 0-0 cxd4 8. cxd4 Nc6 9. Nc3 a6 10. Re1 Nd7 11. Bf1 b5 12. a4 b4 13. Nd5 Qa5 14. Bg5 Nf6 15. Bxf6 exf6 16. Rc1 Na7 17. Nd2 Be6 18. Nc4 Qd8 19. Nxb4 a5 20. Nd3 d5 21. exd5 Bxd5 22. Nf4 Rb8 23. Nxa5 Bxg2 24. Bxg2 Qxa5 25. Rc5 Qb4 1-0

[Event "Ramsowo Grunwald Cup 28th"]
[Site "Ramsowo"]
[Date "2013.09.20"]
[Round "8"]
[White "Hagner, Pawel"]
[Black "Staruch, Roman"]
[Result "1/2-1/2"]
[WhiteElo "1772"]
[BlackElo "1939"]
[PlyCount "47"]
[EventDate "2013.09.16"]
[EventType "swiss"]
[EventRounds "9"]
[EventCountry "POL"]
[SourceTitle "CBM 156 Extra"]
[Source "ChessBase"]
[SourceDate "2013.10.22"]
[SourceVersion "1"]
[SourceVersionDate "2013.10.22"]
[SourceQuality "1"]

1. d4 Nf6 2. Nf3 e6 3. Bg5 c5 4. c3 Qb6 5. Qc2 Be7 6. e3 Nc6 7. Nbd2 cxd4 8. exd4 d5 9. Bd3 h6 10. Bh4 Bd7 11. Ne5 Rc8 12. Qb3 Qd8 13. Qd1 Na5 14. Qe2 a6 15. 0-0 b5 16. Ndf3 0-0 17. Bxf6 Bxf6 18. Nxd7 Qxd7 19. a4 Nc4 20. axb5 axb5 21. Rfc1 Rb8 22. Ra6 Qb7 23. Rca1 Ra8 24. Rxa8 1/2-1/2

[Event "Rewal op-B 18th"]
[Site "Rewal"]
[Date "2013.08.23"]
[Round "4"]
[White "Hagner, Pawel"]
[Black "Rudol, Maria"]
[Result "1-0"]
[WhiteElo "1772"]
[BlackElo "1446"]
[PlyCount "47"]
[EventDate "2013.08.20"]
[EventType "swiss"]
[EventRounds "9"]
[EventCountry "POL"]
[SourceTitle "CBM 156 Extra"]
[Source "ChessBase"]
[SourceDate "2013.10.22"]
[SourceVersion "1"]
[SourceVersionDate "2013.10.22"]
[SourceQuality "1"]

1. d4 d5 2. Nf3 Nf6 3. Bg5 Nbd7 4. e3 e6 5. c3 Bd6 6. Nbd2 0-0 7. Bd3 c6 8. Qe2 Qc7 9. e4 dxe4 10. Nxe4 Be7 11. 0-0 Re8 12. Bh4 Qb6 13. Rfe1 Nd5 14. Bg3 c5 15. Bb5 Rd8 16. Bd3 Re8 17. Rad1 f6 18. Bc4 Qc6 19. Nxc5 Nxc5 20. Bb5 Qb6 21. dxc5 Bxc5 22. Bxe8 a6 23. Ba4 Kf7 24. Rxd5 1-0

[Event "Rewal op-B 18th"]
[Site "Rewal"]
[Date "2013.08.21"]
[Round "2"]
[White "Rudol, Matylda"]
[Black "Hagner, Pawel"]
[Result "1/2-1/2"]
[WhiteElo "1483"]
[BlackElo "1772"]
[PlyCount "76"]
[EventDate "2013.08.20"]
[EventType "swiss"]
[EventRounds "9"]
[EventCountry "POL"]
[SourceTitle "CBM 156 Extra"]
[Source "ChessBase"]
[SourceDate "2013.10.22"]
[SourceVersion "1"]
[SourceVersionDate "2013.10.22"]
[SourceQuality "1"]

1. e4 d6 2. d4 Nf6 3. Nc3 g6 4. Bc4 Bg7 5. Nge2 c6 6. 0-0 0-0 7. Bb3 Nbd7 8. f4 e5 9. h3 exd4 10. Nxd4 Nc5 11. e5 dxe5 12. fxe5 Nh5 13. Nf3 Qc7 14. Qd6 Qxd6 15. exd6 Nxb3 16. axb3 Nf6 17. Be3 a6 18. Rad1 Re8 19. Bg5 Bd7 20. Na4 h6 21. Bxf6 Bxf6 22. Nc5 Rad8 23. Nxb7 Rb8 24. Nc5 Rbd8 25. Nxa6 Bxb2 26. Nc5 Ba3 27. Na4 Re6 28. Rd3 Rxd6 29. Rxd6 Bxd6 30. Rd1 Bf5 31. Rd2 Be4 32. Kf2 f5 33. c4 Be7 34. Re2 Bb4 35. Nb2 Bc3 36. Na4 Bb4 37. Nb2 Bc3 38. Na4 Bb4 1/2-1/2

[Event "Rewal op-B 17th"]
[Site "Rewal"]
[Date "2012.08.??"]
[Round "8"]
[White "Hagner, Pawel"]
[Black "Drabek, Jan"]
[Result "0-1"]
[WhiteElo "1823"]
[BlackElo "1698"]
[PlyCount "62"]
[EventDate "2012.08.20"]
[EventType "swiss"]
[EventRounds "9"]
[EventCountry "POL"]
[SourceTitle "EXT 2014"]
[Source "ChessBase"]
[SourceDate "2013.11.20"]
[SourceVersion "1"]
[SourceVersionDate "2013.11.20"]
[SourceQuality "1"]

1. d4 g6 2. Nf3 Bg7 3. Bf4 d6 4. e3 Nf6 5. c3 0-0 6. Nbd2 Nbd7 7. Be2 c5 8. h3 a6 9. a4 b6 10. 0-0 Bb7 11. Qc2 Qc7 12. Rfe1 e6 13. Rad1 Rfd8 14. Nc4 Bf8 15. dxc5 Nxc5 16. b4 Be4 17. Qa2 Nb7 18. Qb2 Bg7 19. b5 axb5 20. Qxb5 Nd5 21. Rc1 Nxc3 22. Qxb6 Qxb6 23. Nxb6 Nxe2+ 24. Rxe2 Ra6 25. Rc4 Bd3 26. Rd2 Bxc4 27. Nxc4 d5 28. Nce5 Rxa4 29. Nd4 Re8 30. Rc2 f6 31. Rc7 fxe5 0-1

[Event "Rewal op-B 17th"]
[Site "Rewal"]
[Date "2012.08.??"]
[Round "4"]
[White "Wilk, Tomasz"]
[Black "Hagner, Pawel"]
[Result "1/2-1/2"]
[WhiteElo "1667"]
[BlackElo "1823"]
[PlyCount "87"]
[EventDate "2012.08.20"]
[EventType "swiss"]
[EventRounds "9"]
[EventCountry "POL"]
[SourceTitle "EXT 2014"]
[Source "ChessBase"]
[SourceDate "2013.11.20"]
[SourceVersion "1"]
[SourceVersionDate "2013.11.20"]
[SourceQuality "1"]

1. c4 g6 2. Nc3 Bg7 3. g3 d6 4. Bg2 c5 5. Nf3 Nc6 6. 0-0 Nf6 7. d4 0-0 8. dxc5 dxc5 9. Be3 Qa5 10. Qb3 Ng4 11. Bd2 Qd8 12. Rfd1 Nd4 13. Nxd4 cxd4 14. Be1 Qc7 15. Nd5 Qe5 16. h3 Nf6 17. f4 Qh5 18. Nxe7+ Kh8 19. Nxc8 Raxc8 20. Rxd4 Qxe2 21. Bb4 Rfd8 22. Bf1 Qe6 23. Rxd8+ Rxd8 24. Re1 Ne4 25. Qe3 Bd4 26. Bc3 Nxc3 27. Qxd4+ Rxd4 28. Rxe6 fxe6 29. bxc3 Rd2 30. Bg2 b6 31. a4 a5 32. Bc6 Kg7 33. Kf1 Rd3 34. Kf2 Rxc3 35. Bb5 Kf6 36. Kg2 e5 37. fxe5+ Kxe5 38. h4 h5 39. Kh3 Kf6 40. Kg2 g5 41. hxg5+ Kxg5 42. Kf2 Rc2+ 43. Kf3 Rc3+ 44. Kf2 1/2-1/2

[Event "Milanowek-ch"]
[Site "Milanowek"]
[Date "2012.07.05"]
[Round "6"]
[White "Liberadzki, Slawomir"]
[Black "Hagner, Pawel"]
[Result "1-0"]
[WhiteElo "2088"]
[BlackElo "1839"]
[PlyCount "51"]
[EventDate "2012.06.30"]
[EventType "swiss"]
[EventRounds "9"]
[EventCountry "POL"]
[SourceTitle "EXT 2014"]
[Source "ChessBase"]
[SourceDate "2013.11.20"]
[SourceVersion "1"]
[SourceVersionDate "2013.11.20"]
[SourceQuality "1"]

1. e4 g6 2. d4 Bg7 3. c4 d6 4. Nc3 Nf6 5. f3 c6 6. Be3 Nbd7 7. Qd2 0-0 8. Nge2 e5 9. g4 a6 10. d5 c5 11. Ng3 Rb8 12. h4 Qa5 13. Bh6 b5 14. cxb5 axb5 15. h5 b4 16. Nd1 Ba6 17. Bxa6 Qxa6 18. hxg6 fxg6 19. Bxg7 Kxg7 20. Qh6+ Kf7 21. g5 Ne8 22. Qxh7+ Ng7 23. Rh6 Rg8 24. Qxg6+ Kf8 25. Nf5 Ne8 26. Qe6 1-0

[Event "Milanowek-ch"]
[Site "Milanowek"]
[Date "2012.07.04"]
[Round "5"]
[White "Hagner, Pawel"]
[Black "Borowski, Marek"]
[Result "1-0"]
[WhiteElo "1839"]
[BlackElo "1587"]
[PlyCount "73"]
[EventDate "2012.06.30"]
[EventType "swiss"]
[EventRounds "9"]
[EventCountry "POL"]
[SourceTitle "EXT 2014"]
[Source "ChessBase"]
[SourceDate "2013.11.20"]
[SourceVersion "1"]
[SourceVersionDate "2013.11.20"]
[SourceQuality "1"]

1. d4 Nf6 2. Nf3 d5 3. Bg5 h6 4. Bh4 Bf5 5. e3 Nbd7 6. Nbd2 c5 7. c3 g5 8. Bg3 Nh5 9. Be2 e6 10. Bb5 Nxg3 11. hxg3 a6 12. Be2 c4 13. a4 b5 14. axb5 axb5 15. Rxa8 Qxa8 16. Nxg5 Bg7 17. Ngf3 Ke7 18. Nh4 Bh7 19. 0-0 Rb8 20. Bf3 Bd3 21. Re1 b4 22. e4 Kf8 23. exd5 exd5 24. Be2 Bh7 25. Bg4 bxc3 26. bxc3 Nf6 27. Bf5 Bxf5 28. Nxf5 Re8 29. Re5 Rxe5 30. dxe5 Ne8 31. Nf3 Nc7 32. Nxg7 Kxg7 33. Nd4 Qa6 34. Nf5+ Kh7 35. Nd6 f6 36. Qh5 Ne6 37. Qf5+ 1-0

[Event "Warsaw Cross-ch"]
[Site "Warsaw"]
[Date "2012.04.24"]
[Round "5"]
[White "Stolarczyk, Anna"]
[Black "Hagner, Pawel"]
[Result "1/2-1/2"]
[WhiteElo "1999"]
[BlackElo "1777"]
[PlyCount "90"]
[EventDate "2012.04.20"]
[EventType "tourn"]
[EventRounds "11"]
[EventCountry "POL"]
[SourceTitle "EXT 2014"]
[Source "ChessBase"]
[SourceDate "2013.11.20"]
[SourceVersion "1"]
[SourceVersionDate "2013.11.20"]
[SourceQuality "1"]

1. d4 Nf6 2. Nf3 g6 3. g3 Bg7 4. Bg2 0-0 5. 0-0 d6 6. Re1 c5 7. d5 Nbd7 8. e4 Rb8 9. a4 a6 10. a5 b5 11. c3 Qc7 12. Na3 Qxa5 13. Nc2 Qc7 14. b3 Ng4 15. h3 Nge5 16. Rb1 Nxf3+ 17. Qxf3 Ne5 18. Qe3 c4 19. Nd4 Nd3 20. Rd1 Nxc1 21. Rdxc1 Bd7 22. b4 Bxd4 23. Qxd4 f5 24. exf5 Bxf5 25. Ra1 Qc8 26. Kh2 Bd3 27. Re1 Rf7 28. Be4 Bxe4 29. Rxe4 Qb7 30. f4 Qb6 31. Kg2 Qxd4 32. Rxd4 Ra8 33. Rd2 Rf5 34. Kf3 g5 35. Kg4 Raf8 36. fxg5 Re5 37. h4 Re4+ 38. Kh3 Rf3 39. Rxa6 Rxc3 40. Rb6 Ree3 41. Rg2 Rb3 42. Rxb5 c3 43. Rb8+ Kg7 44. Rc8 Rxb4 45. Rc2 Rd4 1/2-1/2

[Event "Krynica Cross-ch sf"]
[Site "Krynica"]
[Date "2012.03.??"]
[Round "5"]
[White "Debowska, Teresa"]
[Black "Hagner, Pawel"]
[Result "0-1"]
[WhiteElo "1866"]
[BlackElo "1777"]
[PlyCount "68"]
[EventDate "2012.03.??"]
[EventType "swiss"]
[EventRounds "9"]
[EventCountry "POL"]
[SourceTitle "EXT 2014"]
[Source "ChessBase"]
[SourceDate "2013.11.20"]
[SourceVersion "1"]
[SourceVersionDate "2013.11.20"]
[SourceQuality "1"]

1. e4 g6 2. f4 Bg7 3. Nf3 d6 4. Bc4 Nf6 5. Nc3 0-0 6. 0-0 e6 7. f5 exf5 8. d3 Nc6 9. Qe1 Na5 10. Qh4 Nxc4 11. dxc4 Nxe4 12. Qxd8 Rxd8 13. Nxe4 fxe4 14. Ng5 f5 15. c3 Re8 16. Be3 b6 17. Bd4 Bh6 18. Be3 Bg7 19. Bd4 h6 20. Nh3 g5 21. Nf2 e3 22. Nd3 Bxd4 23. cxd4 Re4 24. Rfe1 f4 25. b3 Rxd4 26. Nb4 Rd2 27. Nd5 Bb7 28. Red1 Rxd1+ 29. Rxd1 Bxd5 30. Rxd5 Re8 31. Kf1 Re5 32. Rd4 Ra5 33. a4 Re5 34. Ke2 Kf7 0-1

[Event "Krynica Cross-ch sf"]
[Site "Krynica"]
[Date "2012.03.??"]
[Round "8"]
[White "Przewoznik, Emil"]
[Black "Hagner, Pawel"]
[Result "0-1"]
[WhiteElo "2012"]
[BlackElo "1777"]
[PlyCount "88"]
[EventDate "2012.03.??"]
[EventType "swiss"]
[EventRounds "9"]
[EventCountry "POL"]
[SourceTitle "EXT 2014"]
[Source "ChessBase"]
[SourceDate "2013.11.20"]
[SourceVersion "1"]
[SourceVersionDate "2013.11.20"]
[SourceQuality "1"]

1. d4 Nf6 2. Nf3 g6 3. Nc3 Bg7 4. e4 d6 5. Bc4 0-0 6. Qe2 c6 7. e5 dxe5 8. dxe5 Nd5 9. Bd2 Nxc3 10. Bxc3 Bg4 11. Rd1 Qc7 12. Rd3 e6 13. 0-0 Nd7 14. Re1 Rad8 15. h3 Bxf3 16. Rxf3 b5 17. Bd3 a6 18. a4 Nc5 19. axb5 cxb5 20. Qd2 Rd5 21. Qf4 Nxd3 22. Rxd3 Rxd3 23. cxd3 Rd8 24. d4 Qc4 25. Re4 Qb3 26. Qd2 Bf8 27. Ba5 Rc8 28. Re3 Qa2 29. f4 Qb1+ 30. Re1 Qa2 31. Bc3 Qb3 32. Ra1 b4 33. Qd3 bxc3 34. Qxa6 Rb8 35. bxc3 Qxc3 36. Qa7 Qe3+ 37. Kh1 Rb2 38. Rf1 Qg3 39. Qa8 Rf2 40. Rxf2 Qxf2 41. Qe4 Bb4 42. d5 Qe1+ 43. Qxe1 Bxe1 44. d6 Kf8 0-1

[Event "Krynica Cross-ch sf"]
[Site "Krynica"]
[Date "2012.03.??"]
[Round "1"]
[White "Traczyk, Tadeusz"]
[Black "Hagner, Pawel"]
[Result "1-0"]
[WhiteElo "1905"]
[BlackElo "1777"]
[PlyCount "105"]
[EventDate "2012.03.??"]
[EventType "swiss"]
[EventRounds "9"]
[EventCountry "POL"]
[SourceTitle "EXT 2014"]
[Source "ChessBase"]
[SourceDate "2013.11.20"]
[SourceVersion "1"]
[SourceVersionDate "2013.11.20"]
[SourceQuality "1"]

1. e4 g6 2. d4 Bg7 3. Nc3 c6 4. Nf3 d6 5. h3 Nf6 6. Be2 0-0 7. 0-0 Nbd7 8. Be3 Qc7 9. Qd2 e5 10. Rad1 Re8 11. dxe5 dxe5 12. Ng5 h6 13. Nf3 Kh7 14. Bc4 Nb6 15. Bb3 Be6 16. Bxe6 Rxe6 17. Qe2 Rd8 18. Nd2 Nh5 19. g3 Red6 20. Kg2 Qe7 21. h4 Qe6 22. a3 Nf6 23. f3 Nh5 24. Bxb6 axb6 25. Nc4 Rxd1 26. Rxd1 Rxd1 27. Nxd1 b5 28. Nce3 Bf6 29. Nf2 Bxh4 30. Neg4 Bxg3 31. Nd3 Nf4+ 32. Nxf4 Bxf4 33. Nf2 Qf6 34. Nd3 Qg5+ 35. Kf1 Be3 36. Qh2 f6 37. b3 Bc1 38. Qh3 f5 39. exf5 Qxf5 40. Qxf5 gxf5 41. Nxc1 Kg6 42. Nd3 e4 43. fxe4 fxe4 44. Nc5 Kf5 45. Nxb7 Kf4 46. a4 h5 47. a5 h4 48. a6 h3 49. a7 h2 50. Kg2 h1Q+ 51. Kxh1 e3 52. a8Q e2 53. Qe8 1-0